000 01150nam a2200205Ia 4500
999 _c50862
_d50862
001 17817
003 GE_BSU
005 20200224155950.0
008 181216s1977en xx |||||||||||||| ||eng||
040 _cGE_BSU
080 _a353.03(73) P-97
245 _aPublic papers of the presidents of the United States Gerard R. Ford. I
_bContaining the Public Message, Speeches, and Statements of the President. 1975 (in two books) Book I-january 1 to july 17, 1975
264 _aWashington :
_bUnited States government printing office,
_c1977.
300 _a1004 p.:
_bill ;
_c26 cm.
653 _aContaining the Public Message, Speeches, and Statements of the President. 1975 (in two books) Book I-january 1 to july 17, 1975
653 _aPublic papers of the presidents of the United States Gerard R. Ford
653 _aშეერთებული შტატების პრეზიდენტების ჯერალდ რ ფორდის საჯარო ნაშრომები.
653 _aსახელმწიფო ადმინი9სტრაციული მმართველობა
942 _cBK
_2udc